Maila aanchal (Record no. 7184)

MARC details
000 -LEADER
fixed length control field 00516cam a2200217ua 4500
001 - CONTROL NUMBER
control field 8073
005 - DATE AND TIME OF LATEST TRANSACTION
control field 20260515114306.0
008 - FIXED-LENGTH DATA ELEMENTS--GENERAL INFORMATION
fixed length control field 150108n ii |||gr||||Z||||||hin
020 ## - INTERNATIONAL STANDARD BOOK NUMBER
International Standard Book Number 812670098X
040 ## - CATALOGING SOURCE
Transcribing agency MAIN
041 ## - LANGUAGE CODE
Language code of text/sound track or separate title hin
082 ## - DEWEY DECIMAL CLASSIFICATION NUMBER
Classification number 891.433
100 ## - MAIN ENTRY--PERSONAL NAME
Personal name Nath, P.,
Relator term Author.
245 1# - TITLE STATEMENT
Title Maila aanchal
Statement of responsibility, etc. By Phanishwar Nath
250 ## - EDITION STATEMENT
Edition statement 8th rev.
260 ## - PUBLICATION, DISTRIBUTION, ETC.
Place of publication, distribution, etc. Delhi:
Name of publisher, distributor, etc. Nabin,
Date of publication, distribution, etc. 2000.
300 ## - PHYSICAL DESCRIPTION
Extent 312p.
653 ## - INDEX TERM--UNCONTROLLED
Uncontrolled term East Indo-European & Celtic literatures
653 ## - INDEX TERM--UNCONTROLLED
Uncontrolled term Hindi novels
942 ## - ADDED ENTRY ELEMENTS (KOHA)
Koha item type Books
Holdings
Withdrawn status Lost status Damaged status Not for loan Home library Current library Shelving location Date acquired Total checkouts Full call number Barcode Date last seen Copy number Price effective from Koha item type
        Naharkatiya College Library Naharkatiya College Library General stacks 09/19/2020   891.433 | NAT 6530 09/19/2020 1 09/19/2020 Books